Responses for Show #7969 - Thursday, April 11, 2019

James Holzhauer game 6.

Contestants

[<< previous game]

Lewis Black, an attorney from Salt Lake City, Utah

Stephanie Stein, an editor from Brooklyn, New York

James Holzhauer, a professional sports gambler from Las Vegas, Nevada (whose 5-day cash winnings total $298,687)

[next game >>]

Jeopardy! Round responses

DRESSING BOB'S BURGERS
(Alex: Actual offerings seen on the sign in the animated show.)
IDIOMS
WAR OF THE BATTLE
INVENTED OR DISCOVERED
I'VE GOT YOUR NUMBER
25 TCM
(Ben Mankiewicz: Hi, I'm Ben Mankiewicz, primetime host of TCM, here to celebrate 25 years of Turner Classic Movies.)
    $200 20
the ropes

James
    $200 25
the American Revolution

Lewis
    $200 28
a virus

James
    $200 27
Social Security numbers

James
    $200 29
[The end-of-round signal sounds.]
(Alex: And I've seen all 150 of them. All right, our thanks, of course, to Ben Mankiewicz for helping us out with that category, and congratulations to TCM on their anniversary.)

Casablanca

Lewis
    $400 23
Cajun

James
    $2,200 19
the glass ceiling

Stephanie
    $400 9
Spanish-American War

James
    $400 17
sugar

James
    $400 24
the serial number

Lewis
    $400 26
(Stephanie: When Harry--what is [*]?)
(Alex: That's it. Less than a minute now.)

When Harry Met Sally...

Stephanie
    $600 22
chard

James
    $600 12
raising the bar

James
    $600 8
World War II

Lewis
    $600 16
barbed wire

James
    $600 18
sleep

Stephanie
    $600 14
All About Eve

James
    $800 21
bell pepper

Triple Stumper
    $800 11
a shingle

Lewis
    $800 4
World War I

James
    $800 2
a daguerreotype

James
    $800 6
badge

James
    $800 13
Robert Osborne

Lewis
    $1000 15
papaya

Triple Stumper
    $1000 10
take the bull by the horns

Stephanie
    $1000 3
the War of 1812

Lewis
    $1000 1
the birth control pill

Stephanie
    $1000 5
the routing number

Stephanie
    $1000 7
Sophia Loren

Lewis

Scores at the first commercial break (after clue 15):

James Stephanie Lewis
$4,000 $3,000 $4,200

Scores at the end of the Jeopardy! Round:

James Stephanie Lewis
$6,600 $6,200 $5,000

Double Jeopardy! Round responses

MOVIE & SONG, SAME TITLE
AMERICAN POETRY
"EX"
AROUND THE INDIAN OCEAN
JOURNALISTS
EMERGENCY GENERATOR
    $400 1
"American Pie"

James
    $400 25
examination

Stephanie
    $400 24
Victoria

James
    $400 28
[The end-of-round signal sounds.]

three-alarm fire

Lewis
    $800 21
"Bad Boys"

James
    $5,000 20
(Robert) Frost

James
    $800 22
(Alex: With less than a minute.)

excommunicate

James
    $800 23
fish

Triple Stumper
    $800 19
porcupine

Triple Stumper
    $800 27
water main break

James
    $1200 9
"Bohemian Rhapsody"

Stephanie
    $1200 5
passage

Stephanie
    $1200 11
The Experts

Triple Stumper
    $1200 2
(Stephanie: What is New Guinea?)

Timor

JamesStephanie
    $1200 14
(James: What is photographer?)

correspondent

JamesLewis
    $1200 26
natural gas leak

Stephanie
    $1600 8
"Pretty In Pink"

Lewis
    $1600 7
(James: Who is Ella Fitzgerald?)

Billie Holliday

JamesLewis
    $1600 10
exfoliants

Lewis
    $1600 3
Mogadishu

James
    $1600 15
The Front Page

Lewis
    $1600 18
runaway freight train

James
    $2000 13
"Dazed And Confused"

James
    $2000 12
Pieter Bruegel

Triple Stumper
    $2000 6
extraction

James
    $9,800 4
(James: [Wagering] $12 short of my anniversary, but $9,800, please.)

Vasco da Gama

James
    $2000 16
Bob Woodward

Triple Stumper
    $2000 17
escaped Bengal tiger

Stephanie

Scores at the end of the Double Jeopardy! Round:

James Stephanie Lewis
$30,200 $11,000 $13,000
(lock game)

[wagering suggestions for these scores]

Final Jeopardy! Round responses

CELEBRITIES
(Alex: All right, let's work it. Work it!)
...
(Alex: [To Lewis] The [*] workout.)
StephanieWho is Madonna?
$4,700
LewisWho is Jane Fonda? O
$10,000
JamesWho is Madonna happy birthday Scarlett
$3,010
Jane Fonda

Final scores:

James Stephanie Lewis
$27,190 $6,300 $23,000
6-day champion: $325,877 3rd place: $1,000 2nd place: $2,000

Game dynamics:

Coryat scores:

James Stephanie Lewis
$18,200 $9,200 $13,000
25 R
(including 2 DDs),
2 W
11 R
(including 1 DD),
1 W
14 R,
0 W

Combined Coryat: $40,400

[game clues] [game scores] [suggest correction]

Game tape date: 2019-02-11
The J! Archive is created by fans, for fans. Scraping, republication, monetization, and malicious use prohibited; this site may use cookies and collect identifying information. See terms. The Jeopardy! game show and all elements thereof, including but not limited to copyright and trademark thereto, are the property of Jeopardy Productions, Inc. and are protected under law. This website is not affiliated with, sponsored by, or operated by Jeopardy Productions, Inc. Join the discussion at JBoard.tv.